Quiz carriere joueur niveau difficile #5 - Statistiques

Statistiques générales
  • Ce quiz a été pris 21 fois
  • Le résultat moyen est 2 sur 6
Statistiques - réponses
Hint Réponse % Correct
1. AS Monaco2. Benevento 3. Cracovie Kamil Glik
68%
1. Villareal2. Al-Sadd 3. Real Oviedo Santi Cazorla
53%
1. AC Ajaccio2 .MC Alger 3. Espérance Tunis Youcef Belaili
47%
1. Watford2. Fenerbahce 3. Toulouse Joshua King
21%
1. Everton2. Fiorentina 3. Cagliari Yerry Mina
11%
1. Ludogorets2. Cagliari 3. PAOK Kiril Despodov
5%
Aucun quiz correspondant
Distribution des résultats
% des personnes avec chaque résultat
Percentile par nombre de réponses
Votre historique - résultats
Vous n’avez pas pris ce quiz